| 000 | 00607nam a2200205 i 4500 | ||
|---|---|---|---|
| 001 | bgj | ||
| 245 | 1 | 0 |
_aEinführung in die Methodik Stiluntersuchung : _bein Lehr- und Übungsbuch für Studierende / _cVerfaßt von einem Autorenkollektiv unter Leitung von Georg Michel. |
| 250 | _aWyd. 2. | ||
| 260 |
_aBerlin : _bVolk und Wissen, _c1972. |
||
| 300 |
_a219 s. ; _c25 cm. |
||
| 504 | _aBibliogr. s. 215-219. | ||
| 650 | 9 |
_aBadania _xmetody |
|
| 700 | 1 | _aMICHEL, Georg. | |
| 040 | _cBPK | ||
| 041 | 0 | _ager | |
| 044 | _aDEU | ||
| 080 | _a3 | ||
| 942 | _cKS | ||
| 008 | s gw f |000 0 ger | ||
| 999 |
_c50386 _d50386 |
||
| 856 |
_uhttp://koha.tu.koszalin.pl/cgi-bin/koha/opac-detail.pl?biblionumber=50386 _yKatalog online BPK |
||